Cómo hacer reingeniería (Registro nro. 2822)

Detalles MARC
000 -LEADER
fixed length control field 01107 a2200241 4500
001 - CONTROL NUMBER
control field 37872
005 - DATE AND TIME OF LATEST TRANSACTION
control field 20260407155645.0
008 - FIXED-LENGTH DATA ELEMENTS--GENERAL INFORMATION
fixed length control field 260407a1995 arg spa d
003 - CONTROL NUMBER IDENTIFIER
control field AR-UNSa-BCEJYS
040 ## - CATALOGING SOURCE
Original cataloging agency AR-UNSa-BCEJYS
Language of cataloging spa
Transcribing agency AR-UNSa-BCEJYS
080 ## - UNIVERSAL DECIMAL CLASSIFICATION NUMBER
Universal Decimal Classification number 658.016.7
Common auxiliary subdivision Principios generales. Eficiencia. Racionalización. Productividad (Reingeniería)
020 ## - INTERNATIONAL STANDARD BOOK NUMBER
International Standard Book Number 958-04-3025-X
100 1# - MAIN ENTRY--PERSONAL NAME
Personal name Cárdenas Nannetti, Jorge
245 10 - TITLE STATEMENT
Title Cómo hacer reingeniería
264 #1 - PRODUCTION, PUBLICATION, DISTRIBUTION, MANUFACTURE, AND COPYRIGHT NOTICE
Place of production, publication, distribution, manufacture Bogotá :
Name of producer, publisher, distributor, manufacturer Grupo Editorial Norma
Date of production, publication, distribution, manufacture, or copyright notice 1995
300 ## - PHYSICAL DESCRIPTION
Extent 349 p.
Dimensions 23 cm.
505 ## - FORMATTED CONTENTS NOTE
Formatted contents note 1. Marco de referencia para la reingeniería de procesos - 2. Las cinco etapas de rápida reingeniería - 3. Preparación - 4. Identificación - 5. Visión - 6. Solución: Diseño técnico - 7. Solución: Diseño Social - 8. Transformación - 9. Selección de herramientas de reingeniería - 10. Consejos.
590 ## - LOCAL NOTE (RLIN)
Local note niveau_biblio:m niveau_hierar:0
700 1# - ADDED ENTRY--PERSONAL NAME
Personal name Manganelli, Raymond L.
700 1# - ADDED ENTRY--PERSONAL NAME
Personal name Klein, Mark M.
856 41 - ELECTRONIC LOCATION AND ACCESS
Uniform Resource Identifier <a href="https://biblioeco.unsa.edu.ar/pmb/images/libros/L70158.jpg">https://biblioeco.unsa.edu.ar/pmb/images/libros/L70158.jpg</a>
Link text Imagen de portada
Electronic format type image/jpeg
942 ## - ADDED ENTRY ELEMENTS (KOHA)
Koha item type
Existencias
Withdrawn status Lost status Damaged status Not for loan Home library Current library Shelving location Date acquired Total checkouts Full call number Barcode Date last seen Price effective from Koha item type
        Biblioteca Prof. Eusebio Cleto del Rey Biblioteca Prof. Eusebio Cleto del Rey   07/04/2026   658.016.7 M277 L70158 07/04/2026 07/04/2026 Libro